[Event "Benidorm op U2000 13th"]
[Site "Benidorm"]
[Date "2014.12.06"]
[Round "9"]
[White "Stamenov, Valeri"]
[Black "Morenilla Rocher, Fernando"]
[Result "1-0"]
[WhiteElo "1931"]
[BlackElo "1812"]
[PlyCount "53"]
[EventDate "2014.11.28"]
[EventType "swiss"]
[EventRounds "10"]
[EventCountry "ESP"]
[SourceTitle "CBM 163 Extra"]
[Source "ChessBase"]
[SourceDate "2014.12.23"]
[SourceVersion "1"]
[SourceVersionDate "2014.12.23"]
[SourceQuality "1"]

1. e4 c6 2. d4 d5 3. exd5 cxd5 4. c3 Nc6 5. Bd3 e6 6. Bf4 Bd6 7. Bxd6 Qxd6 8. Nf3 Nf6 9. 0-0 0-0 10. Re1 Ng4 11. Bxh7+ Kh8 12. Bc2 g6 13. h3 Nf6 14. Ne5 Kg7 15. Nd2 Rh8 16. Ndf3 Rh5 17. Re3 Nd7 18. Qe2 Ne7 19. Re1 Nf6 20. Nh2 a5 21. Qf3 Bd7 22. Nhg4 Neg8 23. Nxf6 Nxf6 24. g4 Rah8 25. gxh5 Rxh5 26. Qg2 Nh7 27. Nxf7 1-0

[Event "Benidorm op U2000 13th"]
[Site "Benidorm"]
[Date "2014.12.02"]
[Round "5"]
[White "Morenilla Rocher, Fernando"]
[Black "Enzi, Gerald"]
[Result "1-0"]
[WhiteElo "1812"]
[BlackElo "1924"]
[PlyCount "53"]
[EventDate "2014.11.28"]
[EventType "swiss"]
[EventRounds "10"]
[EventCountry "ESP"]
[SourceTitle "CBM 163 Extra"]
[Source "ChessBase"]
[SourceDate "2014.12.23"]
[SourceVersion "1"]
[SourceVersionDate "2014.12.23"]
[SourceQuality "1"]

1. d4 Nf6 2. Nf3 d5 3. e3 c5 4. c3 e6 5. Bd3 Nc6 6. Nbd2 Qc7 7. 0-0 Bd7 8. dxc5 Bxc5 9. e4 dxe4 10. Nxe4 Nxe4 11. Bxe4 0-0-0 12. b4 Be7 13. Qb3 e5 14. Bxc6 Bxc6 15. Qxf7 Rdf8 16. Qe6+ Kb8 17. Nxe5 Bd6 18. Nxc6+ Qxc6 19. Qh3 Rf6 20. Be3 Rg6 21. a4 Rf8 22. b5 Qe4 23. Rae1 Rf3 24. g3 Qc4 25. Qd7 Rf8 26. Bd4 h5 27. Re8+ 1-0

[Event "Mislata op-C 48th"]
[Site "Mislata"]
[Date "2014.08.16"]
[Round "8"]
[White "Morenilla Rocher, Fernando"]
[Black "Colomer de Luque, Francisco"]
[Result "0-1"]
[WhiteElo "1811"]
[BlackElo "1681"]
[PlyCount "90"]
[EventDate "2014.08.11"]
[EventType "swiss"]
[EventRounds "9"]
[EventCountry "ESP"]
[SourceTitle "EXT 2019"]
[Source "ChessBase"]
[SourceDate "2018.10.10"]
[SourceVersion "1"]
[SourceVersionDate "2018.10.10"]
[SourceQuality "1"]

1. d4 d5 2. Nf3 Nf6 3. e3 Bg4 4. c4 c6 5. Nc3 e6 6. Be2 Bb4 7. 0-0 Nbd7 8. Qb3 a5 9. c5 Bxc3 10. bxc3 Rb8 11. Re1 Ne4 12. Nd2 Bxe2 13. Nxe4 dxe4 14. Rxe2 0-0 15. Rb2 b5 16. Rab1 Nf6 17. Qc2 Qc7 18. h3 Nd5 19. Bd2 f5 20. a4 bxa4 21. Qxa4 Rxb2 22. Rxb2 Rb8 23. Rxb8+ Qxb8 24. Qxc6 Kf7 25. c4 Qb1+ 26. Kh2 Qb8+ 27. Qd6 Qxd6+ 28. cxd6 Nb4 29. Kg1 Nc6 30. Kf1 a4 31. Ke1 a3 32. Kd1 a2 33. Bc3 Nb4 34. Kc1 Nd3+ 35. Kc2 Nxf2 36. Kb2 Nd1+ 37. Kxa2 Nxc3+ 38. Kb3 Nd1 39. c5 Ke8 40. Kb4 Nxe3 41. Kb5 Nd5 42. Kc4 Kd7 43. Kb3 g5 44. Kc4 f4 45. Kb3 f3 0-1

[Event "Quart de Poblet op 2nd"]
[Site "Quart de Poblet"]
[Date "2014.07.20"]
[Round "4"]
[White "Morenilla Rocher, Fernando"]
[Black "Perez Martinez, Alejandro"]
[Result "0-1"]
[WhiteElo "1811"]
[BlackElo "2016"]
[PlyCount "126"]
[EventDate "2014.07.19"]
[EventType "swiss"]
[EventRounds "7"]
[EventCountry "ESP"]
[SourceTitle "CBM 161 Extra"]
[Source "ChessBase"]
[SourceDate "2014.08.29"]
[SourceVersion "1"]
[SourceVersionDate "2014.08.29"]
[SourceQuality "1"]

1. d4 d5 2. Nf3 Nc6 3. e3 g6 4. c3 Bg7 5. Bd3 e5 6. e4 exd4 7. cxd4 Bg4 8. 0-0 Bxf3 9. Qxf3 Nxd4 10. Qd1 Ne7 11. Nc3 0-0 12. Bg5 dxe4 13. Bxe4 c5 14. h4 Qc7 15. h5 Ne6 16. Be3 a6 17. h6 Bh8 18. Rc1 Rad8 19. Qf3 b5 20. b4 c4 21. Ne2 f5 22. Bb7 f4 23. Bc5 Ng5 24. Qg4 Rf5 25. Bxa6 f3 26. Bxb5 fxe2 27. Bxc4+ Nf7 28. Qxe2 Rh5 29. g3 Qb7 30. f3 Qc7 31. Bf2 Qe5 32. Qxe5 Rxe5 33. a4 Kf8 34. b5 Nd6 35. Bd4 Nxc4 36. Rxc4 Re2 37. Bxh8 Rdd2 38. Rh4 Nf5 39. Bg7+ Kf7 40. Rh3 Rg2+ 41. Kh1 Nxg3+ 42. Rxg3 Rxg3 43. Be5 Rg5 44. Bf4 Rh5+ 45. Kg1 Rd4 46. Bc7 Rxa4 47. Rb1 Ra7 48. b6 Rb7 49. Ra1 Rh4 50. Ra7 Rxa7 51. bxa7 Ra4 52. Bb6 g5 53. Kf2 Kg6 54. Ke3 Kxh6 55. Bd4 Kg6 56. Ke4 h5 57. Kd5 Kf5 58. Be3 h4 59. Kc6 h3 60. Bg1 Kf4 61. Kb7 Kxf3 62. a8Q Rxa8 63. Kxa8 g4 0-1

[Event "Gibraltar Challengers-B 10th"]
[Site "Caleta"]
[Date "2012.01.28"]
[Round "1"]
[White "Dasaolu, Adeoye"]
[Black "Morenilla Rocher, Fernando"]
[Result "1-0"]
[WhiteElo "2107"]
[BlackElo "1853"]
[PlyCount "47"]
[EventDate "2012.01.28"]
[EventType "swiss"]
[EventRounds "5"]
[EventCountry "GGB"]
[SourceTitle "CBM 146 Extra"]
[Source "ChessBase"]
[SourceDate "2012.02.29"]
[SourceVersion "1"]
[SourceVersionDate "2012.02.29"]
[SourceQuality "1"]

1. Nf3 d6 2. d4 c6 3. c4 Bg4 4. Nc3 Bxf3 5. gxf3 Qc7 6. e4 e5 7. d5 a6 8. a4 c5 9. f4 f6 10. Bh3 h5 11. a5 Nd7 12. Be6 Be7 13. Bd2 0-0-0 14. Rg1 g5 15. fxg5 fxg5 16. Bxg5 Bxg5 17. Rxg5 Ngf6 18. Rg7 Kb8 19. Qf3 Rdf8 20. Qh3 Kc8 21. 0-0-0 Kd8 22. Qh4 Qxa5 23. Rxd7+ Ke8 24. Rxb7 1-0

[Event "Gibraltar Challengers-A 10th"]
[Site "Caleta"]
[Date "2012.01.25"]
[Round "3"]
[White "Morenilla Rocher, Fernando"]
[Black "Lam, Daniel King Wai"]
[Result "0-1"]
[WhiteElo "1853"]
[BlackElo "2022"]
[PlyCount "72"]
[EventDate "2012.01.23"]
[EventType "swiss"]
[EventRounds "5"]
[EventCountry "GGB"]
[SourceTitle "CBM 146 Extra"]
[Source "ChessBase"]
[SourceDate "2012.02.29"]
[SourceVersion "1"]
[SourceVersionDate "2012.02.29"]
[SourceQuality "1"]

1. e4 c5 2. Nf3 d6 3. d4 cxd4 4. Nxd4 Nf6 5. Nc3 Nc6 6. Nxc6 bxc6 7. Be2 Rb8 8. a3 e5 9. 0-0 Be7 10. b4 0-0 11. Be3 a5 12. bxa5 Qxa5 13. Bd2 Qc5 14. Qe1 d5 15. Bd3 Bd6 16. Kh1 Re8 17. a4 d4 18. Ne2 Qa7 19. f4 exf4 20. Bxf4 Qc7 21. Bg5 Nxe4 22. Qh4 Nxg5 23. Qxg5 c5 24. Nf4 h6 25. Qh5 Bxf4 26. a5 c4 27. Bxc4 Qxc4 28. Rxf4 Be6 29. Qd1 Red8 30. a6 Ra8 31. a7 Qc5 32. c3 Rxa7 33. Rxd4 Rxd4 34. cxd4 Rxa1 35. Qxa1 Qc2 36. Qa8+ Kh7 0-1

[Event "Valencia Autonomico Norte-B"]
[Site "Valencia"]
[Date "2009.02.07"]
[Round "5.4"]
[White "Morenilla Rocher, Fernando"]
[Black "Vicente Sanz, Andres"]
[Result "1-0"]
[WhiteElo "1784"]
[BlackElo "1963"]
[PlyCount "69"]
[EventDate "2009.01.10"]
[EventType "team-tourn"]
[EventRounds "5"]
[EventCountry "ESP"]
[SourceTitle "EXT 2011"]
[Source "ChessBase"]
[SourceDate "2010.11.26"]
[SourceVersion "1"]
[SourceVersionDate "2010.11.26"]
[SourceQuality "1"]

1. e4 e5 2. Nf3 Nc6 3. Bc4 Nf6 4. d3 Bc5 5. h3 d6 6. Nc3 Be6 7. Nd5 h6 8. Be3 Bb6 9. c3 Bxd5 10. exd5 Na5 11. Bb5+ c6 12. dxc6 bxc6 13. Ba4 Bxe3 14. fxe3 Qb6 15. b4 Nb7 16. Qe2 0-0 17. e4 a5 18. Qf2 Qa6 19. Bc2 c5 20. bxa5 Qxa5 21. Qd2 c4 22. d4 exd4 23. Qxd4 Rfe8 24. 0-0 Qc5 25. Qxc5 Nxc5 26. Nd2 Ncxe4 27. Nxe4 Nxe4 28. Bxe4 Rxe4 29. Rfd1 Ra3 30. Kf2 Rxc3 31. a4 Rc2+ 32. Kf3 Ree2 33. a5 Red2 34. Rxd2 Rxd2 35. a6 1-0

[Event "Valencia Autonomico Norte-B"]
[Site "Valencia"]
[Date "2009.01.31"]
[Round "4.3"]
[White "Morenilla Rocher, Fernando"]
[Black "Martinez Velert, Pedro"]
[Result "1-0"]
[WhiteElo "1784"]
[BlackElo "2041"]
[PlyCount "67"]
[EventDate "2009.01.10"]
[EventType "team-tourn"]
[EventRounds "5"]
[EventCountry "ESP"]
[SourceTitle "EXT 2011"]
[Source "ChessBase"]
[SourceDate "2010.11.26"]
[SourceVersion "1"]
[SourceVersionDate "2010.11.26"]
[SourceQuality "1"]

1. g4 d5 2. Bg2 e5 3. d4 e4 4. c4 c6 5. cxd5 cxd5 6. Nc3 Nc6 7. h3 Be6 8. Bf4 Bd6 9. Bxd6 Qxd6 10. a3 Nce7 11. e3 a6 12. Nge2 g5 13. Ng3 Nf6 14. Na4 Bd7 15. Rc1 0-0 16. Nc5 Bc8 17. Nh5 Nxh5 18. gxh5 f5 19. Kd2 f4 20. Qg1 h6 21. Bf1 Kh7 22. Be2 f3 23. Bd1 b6 24. Na4 Bd7 25. Nc3 Rfc8 26. Bc2 Rc7 27. Qd1 b5 28. Nxe4 dxe4 29. Bxe4+ Bf5 30. Bxa8 Rxc1 31. Qxc1 b4 32. Qc5 Qxc5 33. dxc5 bxa3 34. bxa3 1-0